Statistiques concernant Aide Militaire à l'Ukraine depuis le 24 février 2022

Cliquez ici pour prendre le quiz!

Statistiques générales

  • Ce quiz a été pris 120 fois
  • Le résultat moyen est 27 sur 32

Statistiques - réponses

Réponse% Correct
France
100%
Etats-Unis
99%
Espagne
98%
Finlande
98%
Norvège
98%
Royaume-Uni
96%
Suède
96%
Pologne
95%
Allemagne
94%
Canada
94%
Italie
93%
Portugal
91%
Lituanie
85%
Danemark
84%
Lettonie
84%
Estonie
83%
Roumanie
82%
Slovaquie
82%
Belgique
81%
Autriche
80%
Grèce
80%
Slovénie
79%
Turquie
78%
Croatie
77%
Japon
77%
Pays-Bas
77%
République Tchèque
77%
Australie
76%
Bulgarie
73%
Corée du Sud
64%
Nouvelle-Zélande
60%
Luxembourg
53%

Distribution des résultats

Percentile par nombre de réponses

% des personnes avec chaque résultat

Votre développement - résultats

Vous n’avez pas pris ce quiz